Normal view
MARC view
Entry Personal Name
001 - CONTROL NUMBER
- control field: 168069
003 - CONTROL NUMBER IDENTIFIER
- control field: OSt
005 - DATE AND TIME OF LATEST TRANSACTION
- control field: 20220923224524.0
008 - FIXED-LENGTH DATA ELEMENTS
- fixed length control field: 220923|| aca||aabn | a|a d
040 ## - CATALOGING SOURCE
- Original cataloging agency: OSt
- Transcribing agency: OSt
100 ## - HEADING--PERSONAL NAME
- Personal name: शास्त्री, मोक्कपटि नरसिंह; शर्मा, एम. बि. वि. आइ. आर., अनु
670 ## - SOURCE DATA FOUND
- Source citation: Work cat.: (OSt)371964: शास्त्री, मोक्कपटि नरसिंह; शर्मा, एम. बि. वि. आइ. आर., अनु., बैरिस्टर पार्वतीशम, अनु एम बि वि आइ आर शर्मा, 2007
